00531nam a2200157Ia 4500008004100000020001400041245008400055260006800139516002000207650001300227650002500240830002600265856005600291942000700347999001900354150121s9999 xx 000 0 und d a2244-453X aIAMURE :bInternational Journal of Terrestrial Ecology /h[electronic resource] bInternational Association of Multidisciplinary Research,c2013. aElectronic text aEcology. aTerrestrial Ecology. aPhilippine E-Journals uhttp://www.ejournals.ph/index.php?journal=IAMURE-TE cEJ c277031d277031